Occurence of arthropods pests and natural enemies on cashew trees in the codition of red and sandy soil in stung trung district, kampong cham province សមាសភាពសត្វល្អិតចង្រៃ និងសត្វមានប្រយោជន៍លើដំណាំស្វាយចន្ទីក្នុងលក្ខខណ្ឌដីក្រហម និងដីខ្សាច់ នៅស្រុកស្ទឹងត្រង់ ខេត្តកំពង់ចាម (Record no. 1127)

000 -LEADER
fixed length control field 00868nam a22001577a 4500
003 - CONTROL NUMBER IDENTIFIER
control field OSt
005 - DATE AND TIME OF LATEST TRANSACTION
control field 20150923140545.0
008 - FIXED-LENGTH DATA ELEMENTS--GENERAL INFORMATION
fixed length control field 150923b xxu||||| |||| 00| 0 eng d
040 ## - CATALOGING SOURCE
Transcribing agency RUA
082 ## - DEWEY DECIMAL CLASSIFICATION NUMBER
Classification number AGR THI 2010 B046 Or.1
100 ## - MAIN ENTRY--PERSONAL NAME
9 (RLIN) 1184
Personal name THIM, VANTY
245 ## - TITLE STATEMENT
Title Occurence of arthropods pests and natural enemies on cashew trees in the codition of red and sandy soil in stung trung district, kampong cham province សមាសភាពសត្វល្អិតចង្រៃ និងសត្វមានប្រយោជន៍លើដំណាំស្វាយចន្ទីក្នុងលក្ខខណ្ឌដីក្រហម និងដីខ្សាច់ នៅស្រុកស្ទឹងត្រង់ ខេត្តកំពង់ចាម
260 ## - PUBLICATION, DISTRIBUTION, ETC. (IMPRINT)
Place of publication, distribution, etc. Phnom Penh
Name of publisher, distributor, etc. RUA
Date of publication, distribution, etc. 2010
300 ## - PHYSICAL DESCRIPTION
Extent xi, 49p.
Other physical details ill.
Dimensions 29cm.
942 ## - ADDED ENTRY ELEMENTS (KOHA)
Source of classification or shelving scheme
Koha item type AGR

No items available.

មជ្ឈមណ្ឌលឯការនៃសាកលវិទ្យាល័យភូមិន្ទកសិកម្មចំការដូង

Powered by Koha